Tissue culture methods for plant pathologists /

Bibliographic Details
Corporate Author: Federation of British Plant Pathologists
Other Authors: Ingram, David S., Helgeson, J. P.
Format: Book
Language:English
Published: Oxford ; Boston : Blackwell Scientific Publications ; 1980.
Subjects:

MARC

Tag First Indicator Second Indicator Subfields
LEADER 00000cam a2200000 a 4500
001 in00000079739
005 20151008054001.0
008 810306s1980 enka b 00100 eng d
020 |a 063200715X 
035 |a (OCoLC)07200318 
035 |9 AAH9272AM 
040 |a VXG  |c VXG  |d TXA  |d UtOrBLW 
049 |a TXAM  |c [1803827] 
090 |a QK725  |b .T56 
245 0 0 |a Tissue culture methods for plant pathologists /  |c edited for the Federation of British Plant Pathologists by D.S. Ingram and J.P. Helgeson. 
264 1 |a Oxford ;  |a Boston :  |b Blackwell Scientific Publications ;  |c 1980. 
264 2 |a New York :  |b Distributed in the U.S.A. and Canada by Halsted Press, 
300 |a xii, 272 pages :  |b illustrations ;  |c 26 cm. 
336 |a text  |b txt  |2 rdacontent 
337 |a unmediated  |b n  |2 rdamedia 
338 |a volume  |b nc  |2 rdacarrier 
504 |a Includes bibliographies and index. 
650 0 |a Plant tissue culture. 
650 0 |a Plant diseases  |x Research. 
650 0 |a Plants  |x Disease and pest resistance. 
700 1 |a Ingram, David S. 
700 1 |a Helgeson, J. P. 
710 2 |a Federation of British Plant Pathologists. 
999 |a MARS 
999 f f |s c9682bdd-30be-3ea9-8307-5991f837e7af  |i 991a5fd5-b325-3b98-9ea0-8374dd9153da  |t 0 
952 f f |p ric  |a Texas A&M University  |b Rellis Campus  |c Joint Library Facility  |d Remote Storage  |t 0  |e QK725 .T56  |h Library of Congress classification  |i unmediated -- volume  |m A14806219387 
998 f f |a QK725 .T56  |t 0  |l Remote Storage